New ocellated frog (<Centrolenidae>) from western Colombia (Registro nro. 9214)

Detalles MARC
000 -CABECERA
Campo de control 006310000a22001930004500
090 ## - CLASIFICACIÓN LOCAL
Colección AR
Consecutivo 00113
041 0# - IDIOMA
Código de idioma para texto/pista de sonido o título separado
100 1# - ASIENTO PRINCIPAL--NOMBRE PERSONAL
Nombre personal Lynch, John D.
245 10 - MENCION DE TITULO
Título New ocellated frog (<Centrolenidae>) from western Colombia
650 14 - ASIENTO SECUNDARIO DE MATERIA - TERMINO TEMATICO
Término temático o nombre geográfico como elemento de entrada Anfibios
650 14 - ASIENTO SECUNDARIO DE MATERIA - TERMINO TEMATICO
Término temático o nombre geográfico como elemento de entrada Fauna
650 14 - ASIENTO SECUNDARIO DE MATERIA - TERMINO TEMATICO
Término temático o nombre geográfico como elemento de entrada Nuevas especies
650 14 - ASIENTO SECUNDARIO DE MATERIA - TERMINO TEMATICO
Término temático o nombre geográfico como elemento de entrada Morfología
650 14 - ASIENTO SECUNDARIO DE MATERIA - TERMINO TEMATICO
Término temático o nombre geográfico como elemento de entrada Biología
651 #4 - ASIENTO SECUNDARIO DE MATERIA - NOMBRE GEOGRAFICO
-- Los Farallones
-- Valle del Cauca
-- Colombia
653 ## - TERMINO DE INDIZACION - NO CONTROLADO
-- Centrolenidae
-- Centrolenella
-- Centrolenella ignota
773 1# - Item fuente:
Título Proceedings of the Biological Society of Washington
Especificación de materiales 41
Descripción física 1
Paginas del Articulo 35-38
Lugar, editorial y fecha de publicación 1990
Información sobre la relación 103
942 ## - ELEMENTOS ADICIONALES (KOHA)
Tipo de ítem Artículo
Existencias
Withdrawn status Lost status Sistema de Clasificación Damaged status No para préstamo Colección Ubicación Permanente Ubicación actual Fecha de adquisición Total Checkouts Número topográfico Inventario / Código de Barras Date last seen Ejemplar Price effective from Tipo de material
    Dewey Decimal Classification   No para Préstamo Hemeroteca Bogotá Bogotá 27/02/2015   AR 00113 Fuera de circulación 010344 25/03/2015 1 25/03/2015 Artículo
    Dewey Decimal Classification   No para Préstamo Hemeroteca Bogotá Bogotá 27/02/2015   AR 00113 Fuera de circulación 010345 25/03/2015 2 25/03/2015 Artículo